000 00248nam a2200097Ia 4500
001 715865
005 20250826162933.0
008 250824s9999 xx 000 0 und d
245 0 _aBİN MUHTEŞEM GÜNEŞ
_cKHALED HOSSEINI
260 _bEVEREST YAYINLARI
999 _c715865
_d715865